000
00317nam a2200145Ia 4500
008
230917s9999||||xx |||||||||||||| ||und||
020
_c
RS35
040
_e
191884
_a
MAIN
041
_a
English
082
_a
891.4391 H128I
100
_a
Abeeda Hakim
245
0
_a
Intikhab-e-Hatam
260
_c
1977
942
_c
BK
999
_c
213139
_d
213139